000
00281nam a2200121Ia 4500
008
191201s2006 xx 000 0 und d
100
_a
SCHILDT,Herbert
245
0
_a
Complete Reference Java 2
260
_a
N. Delhi
_b
TMH
_c
2006
300
_a
1168
650
_a
MCA
942
_2
ddc
_c
BK
999
_c
6396
_d
6396